500 Horror Movies - Statistics

General Stats
  • This quiz has been taken 750 times
    729 since last reset
  • The average score is 144 of 500
Answer Stats
Year Answer % Correct
2012 V/H/S
98%
1978 | 2018 Halloween
89%
2017 It
87%
1996 Scream
87%
1980 Friday the 13th
84%
2004 Saw
83%
1984 A Nightmare on Elm Street
82%
1931 Dracula
82%
1979 Alien
79%
1931 Frankenstein
78%
1975 Jaws
78%
1974 | 2003 The Texas Chain Saw Massacre
78%
1980 The Shining
77%
2013 The Conjuring
75%
1988 Child's Play
74%
1981 Halloween 2
73%
2019 Ma
73%
1960 Psycho
73%
2006 Saw 3
73%
1997 Scream 2
73%
2011 Scream 4
73%
2005 Saw 2
72%
2008 Saw 5
72%
2009 Saw 6
72%
2001 Scream 3
72%
2007 Saw 4
71%
1973 The Exorcist
71%
1954 Them
70%
2002 The Ring
70%
1982 Halloween 3 Season of the Witch
69%
1988 Halloween 4: Return of Michael Myers
68%
1989 Halloween 5: The Revenge of Michael Myers
67%
2022 Scream 5
67%
1999 The Blair Witch Project
66%
2014 Annabelle
65%
1976 | 2002 Carrie
65%
1982 The Thing
65%
2019 Us
65%
2017 Get Out
64%
1981 The Evil Dead
64%
2018 The Nun
64%
1992 Candyman
63%
2000 Final Destination
62%
2009 The Final Destination
62%
1981 Friday the 13th: Part 2
61%
1987 Hellraiser
61%
1968 | 1990 Night of the Living Dead
61%
1978 | 2004 Dawn of the Dead
60%
1986 House
60%
2007 Paranormal Activity
60%
1991 The Silence of the Lambs
60%
1982 Poltergeist
59%
2018 Hereditary
58%
2010 Insidious
58%
1986 Aliens
57%
2003 Freddy vs. Jason
57%
1982 Friday the 13th: Part 3
57%
1963 The Birds
57%
1978 Jaws 2
56%
1922 Nosferatu
56%
2012 The Cabin in the Woods
56%
2006 The Host
56%
1976 The Omen
56%
1979 Zombie
56%
1987 Predator
55%
2015 The Witch
55%
2022 X
55%
2003 Final Destination 2
54%
2016 The Conjuring 2
54%
1986 The Fly
54%
2006 Final Destination 3
53%
2020 Host
52%
1990 Misery
52%
2014 The Babadook
52%
2004 The Grudge
52%
1977 The Hills Have Eyes
52%
1984 Children of the Corn
51%
1935 The Bride of Frankenstein
51%
1997 I Know What You Did Last Summer
50%
1968 Rosemary's Baby
50%
2012 Sinister
50%
2002 28 Days Later
49%
1984 Gremlins
49%
2001 Jeepers Creepers
49%
2018 A Quiet Place
48%
1983 Cujo
48%
2014 It Follows
48%
2022 Smile
48%
2018 The Meg
48%
2007 The Mist
48%
2014 Creep
47%
2005 Hostel
47%
2019 Midsommar
47%
1932 | 1959 The Mummy
47%
1999 The Sixth Sense
47%
1941 The Wolf Man
46%
1987 Evil Dead 2
45%
1981 An American Werewolf in London
44%
1987 A Nightmare on Elm Street 3: Dream Warriors
44%
2011 Final Destination 5
44%
1993 Leprechaun
44%
1989 Pet Sematary
44%
1933 The Invisible Man
44%
2008 The Strangers
44%
1983 Christine
43%
1954 Godzilla
43%
2017 Jigsaw
43%
1958 | 1988 The Blob
43%
2005 The Descent
43%
1999 Candyman: Day of the Dead
42%
1985 Day of the Dead
42%
1998 Halloween H20: 20 Years Later
42%
2004 Shaun of the Dead
42%
1974 Black Christmas
41%
1992 Alien 3
40%
1985 A Nightmare on Elm Street 2: Freddy's Revenge
40%
1953 House of Wax
40%
2001 Jason X
40%
1933 King Kong
40%
2022 Nope
40%
2002 Resident Evil
40%
2001 The Others
40%
2007 REC
39%
2016 Terrifier
39%
1986 Texas Chainsaw Massacre 2
39%
1980 The Fog
39%
1925 The Phantom of the Opera
39%
2022 Halloween Ends
38%
1956 | 1978 Invasion of the Body Snatchers
38%
2006 Silent Hill
38%
1972 The Last House on the Left
38%
1973 The Wicker Man
38%
2009 Zombieland
38%
1989 A Nightmare on Elm Street 5: The Dream Child
37%
2013 Mama
37%
1979 | 2005 The Amityville Horror
37%
2003 Wrong Turn
37%
2004 Alien vs. Predator
36%
2000 American Psycho
36%
1988 Killer Klowns from Outer Space
36%
1987 The Lost Boys
36%
1994 Wes Craven's New Nightmare
36%
1997 Anaconda
35%
1988 A Nightmare on Elm Street 4: The Dream Master
35%
2002 Cabin Fever
35%
2009 Drag Me to Hell
35%
1990 Fear
35%
1932 Freaks
35%
1989 Friday the 13th Part 8: Jason Takes Manhattan
35%
2019 Haunt
35%
2016 Hush
35%
1998 I Still Know What You Did Last Summer
35%
1990 Leatherface: The Texas Chainsaw Massacre 3
35%
1981 My Bloody Valentine
35%
2002 Signs
35%
1977 Suspiria
35%
1999 The Haunting
35%
2007 28 Weeks Later
34%
1985 Fright Night
34%
2022 Pearl
34%
1983 Sleepaway Camp
34%
2015 The Visit
34%
2008 Cloverfield
33%
1954 Creature from the Black Lagoon
33%
2003 Jeepers Creepers 2
33%
2009 Jennifer's Body
33%
2021 Spiral
33%
2004 The Village
33%
2007 Trick R Treat
33%
1997 Alien: Resurrection
32%
2018 Bird Box
32%
2019 Ready or Not
32%
2005 The Exorcism of Emily Rose
32%
2009 The Human Centipede
32%
1982 Creepshow
31%
2019 Doctor Sleep
31%
1978 I Spit on Your Grave
31%
1983 Jaws 3D
31%
2008 Let the Right One In
31%
1980 Prom Night
31%
1990 Tremors
31%
1977 Eraserhead
30%
1991 Freddy's Dead: The Final Nightmare
30%
1999 Lake Placid
30%
1994 Leprechaun 2
30%
1985 Reanimator
30%
1979 Salem's Lot
30%
1984 Silent Night Deadly Night
30%
2011 You're Next
30%
1942 Cat People
29%
1984 Friday the 13th: The Final Chapter
29%
2021 Halloween Kills
29%
2001 Hannibal
29%
1959 | 1999 House on Haunted Hill
29%
2017 Mother!
29%
2014 Ouija
29%
2016 Raw
29%
2006 Slither
29%
1919 The Cabinet of Dr. Caligari
29%
1981 The Howling
29%
1997 Cube
28%
1993 Jason Goes to Hell: The Final Friday
28%
2015 Krampus
28%
1995 Leprechaun 3
28%
2022 Terrifier 2
28%
2021 The Black Phone
28%
1985 The Hills Have Eyes 2
28%
2007 The Orphanage
28%
2016 Train to Busan
28%
1990 Arachnophobia
27%
1992 Army of Darkness
27%
1975 Deep Red
27%
2016 Don't Breathe
27%
1960 Peeping Tom
27%
1988 Pumpkinhead
27%
1998 Ringu
27%
2010 Saw 3D
27%
2008 Eden Lake
26%
1985 Return of the Living Dead
26%
1995 Seven
26%
2012 The Bay
26%
1988 They Live
26%
2007 1408
25%
1980 Cannibal Holocaust
25%
2019 Crawl
25%
1973 Don't Look Now
25%
1996 From Dusk Till Dawn
25%
2000 Ginger Snaps
25%
2019 Scary Stories to Tell in the Dark
25%
1980 Terror Train
25%
2021 The Conjuring 3: The Devil Made Me Do It
25%
1983 Videodrome
25%
1979 When a Stranger Calls
25%
2010 10 Cloverfield Lane
24%
1999 Audition
24%
2015 Demon
24%
1920 Dr. Jekyll and Mr. Hyde
24%
2002 Ghost Ship
24%
1994 Interview with the Vampire
24%
1980 Maniac
24%
1981 Possession
24%
2004 Shutter
24%
1973 The Crazies
24%
2019 The Lighthouse
24%
1998 Vampires
24%
2020 A Quiet Place: Part 2
23%
1962 Carnival of Souls
23%
1986 Friday the 13th Part 6: Jason Lives
23%
2004 One Missed Call
23%
2012 Prometheus
23%
1996 Thinner
23%
2017 47 Meters Down
22%
2017 Annabelle: Creation
22%
2014 As Above So Below
22%
1982 Basket Case
22%
2005 Land of the Dead
22%
2010 Piranha 3D
22%
2006 The Grudge 2
22%
1991 The People Under the Stairs
22%
2016 The Shallows
22%
2007 30 Days of Night
21%
2017 Creep 2
21%
2007 Dead Silence
21%
1999 Deep Blue Sea
21%
1959 Eyes Without a Face
21%
1997 Jack Frost
21%
2016 Lights Out
21%
1983 The Dead Zone
21%
2008 The Happening
21%
1932 Vampyr
21%
2017 Alien: Covenant
20%
2010 Frozen
20%
2017 Gerald's Game
20%
2003 House of 1000 Corpses
20%
2006 I'll Always Know What You Did Last Summer
20%
2000 Ju-On
20%
2003 Open Water
20%
2007 Teeth
20%
1981 The Burning
20%
2019 Annabelle Comes Home
19%
2010 Black Swan
19%
1945 Dead of Night
19%
1994 In the Mouth of Madness
19%
1987 Jaws: The Revenge
19%
1979 Phantasm
19%
2017 The Bye Bye Man
19%
2005 The Devil's Rejects
19%
2017 The Ritual
19%
1944 The Uninvited
19%
1953 The War of the Worlds
19%
1971 A Bay of Blood
18%
2014 A Girl Walks Home Alone at Night
18%
1984 CHUD
18%
1985 Friday the 13th: A New Beginning
18%
2002 Halloween: Resurrection
18%
1920 Haxan
18%
1990 Jacob's Ladder
18%
1987 Near Dark
18%
1972 Tales from the Crypt
18%
1979 The Brood
18%
2015 The Gallows
18%
2010 A Serbian Film
17%
1974 It's Alive!
17%
2010 Let Me In
17%
2014 Oculus
17%
2015 The Gift
17%
2013 The Green Inferno
17%
1982 The House on Sorority Row
17%
1960 Village of the Damned
17%
1932 White Zombie
17%
1985 Ghoulies
16%
1943 I Walked With a Zombie
16%
1987 Opera
16%
2009 Sorority Row
16%
1973 Sssssss
16%
1980 The Changeling
16%
2015 The Invitation
16%
2002 Eight Legged Freaks
15%
1988 Friday the 13th Part 7: The New Blood
15%
2015 Green Room
15%
1995 Halloween: The Curse of Michael Myers
15%
2017 It Comes At Night
15%
1954 Rear Window
15%
1981 The Beyond
15%
2009 The Collector
15%
1976 The Town that Dreaded Sundown
15%
1959 A Bucket of Blood
14%
2007 Alien vs. Predator: Requiem
14%
1978 Attack of the Killer Tomatoes
14%
2018 Cam
14%
2002 Cube 2: Hypercube
14%
1997 Event Horizon
14%
2019 It Chapter Two
14%
2008 Lake Mungo
14%
2021 Malignant
14%
1988 Maniac Cop
14%
1980 Motel Hell
14%
2006 Pan's Labyrinth
14%
1999 Ravenous
14%
1973 Sisters
14%
1973 Theater of Blood
14%
1956 The Bad Seed
14%
1981 The Prowler
14%
2003 A Tale of Two Sisters
13%
1959 Black Sunday
13%
1972 Blacula
13%
1992 Braindead
13%
2002 Dog Soldiers
13%
2011 Grave Encounters
13%
1976 Grizzly
13%
1988 Hellbound: Hellraiser 2
13%
1996 Hellraiser Bloodline
13%
2007 Hostel Part 2
13%
1980 Inferno
13%
2007 Inside
13%
2018 Mandy
13%
1984 Night of the Comet
13%
1986 Night of the Creeps
13%
1987 Prince of Darkness
13%
1990 Stephen King's It
13%
2001 The Devil's Backbone
13%
1961 The Innocents
13%
1928 The Man Who Laughs
13%
1945 The Picture of Dorian Gray
13%
1961 The Pit and the Pendulum
13%
2016 The Wailing
13%
2012 The Woman in Black
13%
2010 Tucker and Dale vs. Evil
13%
2005 White Noise
13%
2016 Better Watch Out
12%
1992 Bram Stoker's Dracula
12%
1988 Dead Ringers
12%
1971 Duel
12%
1990 Flatliners
12%
2014 Goodnight Mommy
12%
2007 I Am Legend
12%
2010 I Saw the Devil
12%
1953 It Came from Outer Space
12%
2017 Revenge
12%
2009 The House of the Devil
12%
2019 The Platform
12%
1951 The Thing from Another World
12%
1967 Viy
12%
1963 Black Sabbath
11%
1958 Horror of Dracula
11%
2011 The Roommate
11%
1988 The Vanishing
11%
2004 Van Helsing
11%
2007 Zodiac
11%
2013 All Hallow's Eve
10%
2020 Alone
10%
2009 Dead Snow
10%
2002 FeardotCom
10%
1992 Hellraiser 3: Hell on Earth
10%
2019 La Llorona
10%
1978 Martin
10%
1964 Onibaba
10%
2016 Ouija: Origin of Evil
10%
1965 Repulsion
10%
1995 Tales from the Hood
10%
2007 The Poughkeepsie Tapes
10%
2018 The Strangers: Prey at Night
10%
1976 The Tenant
10%
2003 Underworld
10%
2019 Zombieland: Double Tap
10%
2009 Case 39
9%
1986 Henry: Portrait of Serial Killer
9%
2020 His House
9%
2000 Leprechaun in the Hood
9%
1985 Phenomena
9%
2002 Queen of the Damned
9%
2013 Texas Chainsaw 3D
9%
1975 The Amusement Park
9%
2019 The Lodge
9%
1955 The Night of the Hunter
9%
2015 Bone Tomahawk
8%
1995 Candyman 2: Farewell to the Flesh
8%
1993 Fire in the Sky
8%
2005 Hellraiser: Hellworld
8%
1960 House of Usher
8%
2021 Last Night in Soho
8%
1996 Leprechaun 4: In Space
8%
1995 Texas Chainsaw Massacre: The Next Generation
8%
1957 The Curse of Frankenstein
8%
1997 The Devil's Advocate
8%
2010 The Last Exorcism
8%
2016 The Love Witch
8%
2000 Book of Shadows: Blair Witch Project 2
7%
2014 Deliver Us From Evil
7%
1944 Gaslight
7%
2000 Hellraiser: Inferno
7%
1955 Les Diaboliques
7%
1970 The Bird with the Crystal Plumage
7%
2018 The First Purge
7%
2009 The Fourth Kind
7%
2009 The Haunting in Connecticut
7%
2012 The Lords of Salem
7%
2016 The Void
7%
2001 Thir13en Ghosts
7%
2016 Under the Shadow
7%
1974 Beyond the Door
6%
2004 Cube Zero
6%
2009 Daybreakers
6%
2002 Frailty
6%
2007 Grindhouse
6%
2003 Leprechaun: Back 2 Tha Hood
6%
1979 Nosferatu the Vampyre
6%
2008 Pontypool
6%
2015 Southbound
6%
1982 Tenebrae
6%
1971 The Abominable Dr. Phibes
6%
1971 The Cat o' Nine Tails
6%
2012 The Devil Inside
6%
2009 The Loved Ones
6%
1964 The Masque of the Red Death
6%
2009 Thirst
6%
2018 Unfriended: Dark Web
6%
2021 Watcher
6%
1992 Children of the Corn 2: The Final Sacrifice
5%
2016 Creepy
5%
1977 Hausu
5%
1987 House 2: The Second Story
5%
1973 Scream Blacula Scream
5%
2000 Shadow of the Vampire
5%
2015 The Devil's Candy
5%
1973 The Legend of Hell House
5%
2017 47 Meters Down: Uncaged
4%
2017 Cargo
4%
2019 Color Out of Space
4%
2019 Come to Daddy
4%
2008 Deadgirl
4%
2007 Disturbia
4%
2014 Housebound
4%
2014 Nightcrawler
4%
1991 Subspecies
4%
2017 The Endless
4%
2015 We Are Still Here
4%
2001 Children of the Corn Revelation
3%
1971 Four Flies on Grey Velvet
3%
2012 John Dies at the End
3%
1932 Murders in the Rue Morgue
3%
1995 Mute Witness
3%
1967 Quatermass and the Pit
3%
2013 We Are What We Are
3%
1977 Alucarda
2%
2019 Harpoon
2%
2009 Laid to Rest
2%
2019 Satanic Panic
2%
2004 The Machinist
2%
1973 Ganja & Hess
1%
No matching quizzes found
Score Distribution
Percent of People with Each Score
Percentile by Number Answered
Your Score History
You have not taken this quiz since the last reset